000 00776nam a2200241Ia 4500
003 OSt
005 20220923214019.0
006 a|||||r|||| 00| 0
007 ta
008 220922b |||||||| |||| 00| 0 hin d
024 _a166,475
037 _cTextual
040 _aARTS
_cARTS
_bhin
041 _2hin
_ahin
082 _aO152,1N018x, H1
100 _aसक्सेना, शम्भूदयाल
245 0 _aनिहारिका
246 _aNihārikā
260 _aबीकानेर
_b नवयुग ग्रंथ कुटीर
_c1941
650 _aहिन्दी साहित्य
_9156264
942 _hO152,1N018x, H1
_cTEXL
_2CC
999 _c320954
_d320954